[Event "British Chess Championships 2023: Major Open"]
[Site "The Venue, De Montfort University, 20 Western Boulevard, Leicester, LE2 7BU"]
[Date "2023.07.24"]
[Round "3"]
[Board "3"]
[White "Verma, Shlok"]
[Black "Mikalajunas, Kajus"]
[Result "1-0"]
[WhiteElo "2000"]
[BlackElo "1881"]
[PlyCount "0"]
[EventDate "2023.07.22"]
[EventRounds "9"]
[EventCountry "ENG"]

1. d4 {[%clk 1:30:57]} Nf6 {[%clk 1:30:49]} 2. c4 {[%clk 1:31:21]} c5 {[%clk
1:31:11]} 3. d5 {[%clk 1:31:44]} e6 {[%clk 1:31:29]} 4. Nc3 {[%clk 1:32:01]} exd5
{[%clk 1:31:50]} 5. cxd5 {[%clk 1:32:26]} d6 {[%clk 1:32:04]} 6. Nf3 {[%clk
1:32:24]} a6 {[%clk 1:30:46]} 7. a4 {[%clk 1:32:48]} g6 {[%clk 1:30:18]} 8. Bf4
{[%clk 1:32:44]} Bg7 {[%clk 1:23:48]} 9. h3 {[%clk 1:33:00]} O-O {[%clk 1:19:40]}
10. e3 {[%clk 1:33:03]} Qe7 {[%clk 1:17:57]} 11. Be2 {[%clk 1:31:44]} Bf5 {[%clk
1:10:57]} 12. Nd2 {[%clk 1:29:57]} Nbd7 {[%clk 1:08:46]} 13. O-O {[%clk 1:29:47]}
Ne5 {[%clk 1:08:16]} 14. e4 {[%clk 1:28:33]} Bd7 {[%clk 1:08:24]} 15. Be3 {[%clk
1:28:23]} Bc8 {[%clk 1:03:28]} 16. f4 {[%clk 1:27:31]} Ned7 {[%clk 1:03:48]} 17.
Qc2 {[%clk 1:26:10]} Rb8 {[%clk 1:02:33]} 18. Rae1 {[%clk 1:24:55]} Re8 {[%clk
1:00:26]} 19. Bd3 {[%clk 1:10:42]} Nf8 {[%clk 0:57:43]} 20. a5 {[%clk 1:08:13]}
b5 {[%clk 0:55:02]} 21. axb6 {[%clk 1:08:08]} Rxb6 {[%clk 0:55:16]} 22. Nc4
{[%clk 1:08:22]} Rb4 {[%clk 0:53:35]} 23. e5 {[%clk 1:04:44]} dxe5 {[%clk
0:52:18]} 24. fxe5 {[%clk 1:01:24]} N6d7 {[%clk 0:39:43]} 25. Nd6 {[%clk
0:56:49]} Bxe5 {[%clk 0:21:51]} 26. Nxe8 {[%clk 0:56:40]} Qxe8 {[%clk 0:21:47]}
27. Kh1 {[%clk 0:55:56]} Qd8 {[%clk 0:21:30]} 28. Bxc5 {[%clk 0:54:46]} Nxc5
{[%clk 0:20:56]} 29. Rxe5 {[%clk 0:55:08]} Nxd3 {[%clk 0:17:56]} 30. Qxd3 {[%clk
0:55:20]} Rxb2 {[%clk 0:17:29]} 31. Qf3 {[%clk 0:54:23]} Bf5 {[%clk 0:15:29]} 32.
Rfe1 {[%clk 0:50:27]} Qc7 {[%clk 0:13:48]} 33. Nd1 {[%clk 0:46:26]} Rb1 {[%clk
0:13:26]} 34. Re8 {[%clk 0:45:54]} Qa5 {[%clk 0:08:10]} 35. Qe3 {[%clk 0:44:13]}
Qb4 {[%clk 0:07:13]} 36. Qe5 {[%clk 0:40:37]} Bd7 {[%clk 0:06:11]} 37. Rd8 {[%clk
0:39:53]} Qc5 {[%clk 0:02:41]} 38. Qf6 {[%clk 0:38:23]} Qb4 {[%clk 0:02:31]} 39.
Rf1 {[%clk 0:38:27]} Bf5 {[%clk 0:02:20]} 40. d6 {[%clk 0:38:13]}  1-0

[Event "British Chess Championships 2023: Major Open"]
[Site "The Venue, De Montfort University, 20 Western Boulevard, Leicester, LE2 7BU"]
[Date "2023.07.24"]
[Round "3"]
[Board "4"]
[White "Sanger, Jake M"]
[Black "Rubeck, Jonathan"]
[Result "0-1"]
[WhiteElo "1933"]
[BlackElo "1760"]
[PlyCount "0"]
[EventDate "2023.07.22"]
[EventRounds "9"]
[EventCountry "ENG"]

1. d4 {[%clk 1:30:57]} Nf6 {[%clk 1:30:40]} 2. c4 {[%clk 1:31:20]} g6 {[%clk
1:31:06]} 3. Nc3 {[%clk 1:31:47]} Bg7 {[%clk 1:31:31]} 4. e4 {[%clk 1:32:13]} d6
{[%clk 1:31:56]} 5. Be2 {[%clk 1:32:38]} O-O {[%clk 1:32:02]} 6. Nf3 {[%clk
1:33:03]} Na6 {[%clk 1:32:25]} 7. O-O {[%clk 1:33:25]} e5 {[%clk 1:32:41]} 8. Be3
{[%clk 1:33:49]} Ng4 {[%clk 1:32:57]} 9. Bg5 {[%clk 1:34:13]} Qe8 {[%clk
1:32:47]} 10. h3 {[%clk 1:34:35]} exd4 {[%clk 1:30:00]} 11. Nxd4 {[%clk 1:31:28]}
h6 {[%clk 1:25:12]} 12. Bh4 {[%clk 1:26:43]} Nf6 {[%clk 1:22:52]} 13. f3 {[%clk
1:22:19]} Nh5 {[%clk 1:17:26]} 14. f4 {[%clk 1:14:54]} Nxf4 {[%clk 1:15:57]} 15.
Rxf4 {[%clk 1:13:08]} Qe5 {[%clk 1:15:40]} 16. Qc1 {[%clk 1:03:57]} Qxd4+ {[%clk
1:12:51]} 17. Bf2 {[%clk 1:04:16]} Qe5 {[%clk 1:11:58]} 18. Be3 {[%clk 1:02:45]}
Nc5 {[%clk 1:09:16]} 19. Rf2 {[%clk 0:59:11]} Kh7 {[%clk 1:02:33]} 20. Bf4 {[%clk
0:50:17]} Qd4 {[%clk 1:01:41]} 21. Be3 {[%clk 0:41:44]} Qe5 {[%clk 0:56:58]} 22.
Bf4 {[%clk 0:42:07]} Qe8 {[%clk 0:55:37]} 23. Nd5 {[%clk 0:39:51]} Qd8 {[%clk
0:53:52]} 24. Qc2 {[%clk 0:36:36]} c6 {[%clk 0:53:11]} 25. Ne3 {[%clk 0:36:21]}
Qe7 {[%clk 0:48:39]} 26. Bf3 {[%clk 0:35:32]} Ne6 {[%clk 0:48:32]} 27. Bh2 {[%clk
0:35:24]} Nd4 {[%clk 0:48:34]} 28. Qd2 {[%clk 0:32:57]} Nxf3+ {[%clk 0:37:37]}
29. Rxf3 {[%clk 0:31:30]} Rd8 {[%clk 0:32:24]} 30. Rd1 {[%clk 0:30:14]} Be6
{[%clk 0:29:07]} 31. Bxd6 {[%clk 0:28:31]} Qh4 {[%clk 0:26:54]} 32. Qc2 {[%clk
0:21:05]} b6 {[%clk 0:20:47]} 33. Kh1 {[%clk 0:20:12]} c5 {[%clk 0:19:17]} 34.
Nf5 {[%clk 0:19:11]} Bxf5 {[%clk 0:15:34]} 35. exf5 {[%clk 0:15:54]} Rxd6 {[%clk
0:14:43]}  0-1

[Event "British Chess Championships 2023: Major Open"]
[Site "The Venue, De Montfort University, 20 Western Boulevard, Leicester, LE2 7BU"]
[Date "2023.07.24"]
[Round "3"]
[Board "5"]
[White "Bennett, Max"]
[Black "Lewis, Andrew P"]
[Result "0-1"]
[WhiteElo "1583"]
[BlackElo "2235"]
[PlyCount "0"]
[EventDate "2023.07.22"]
[EventRounds "9"]
[EventCountry "ENG"]

1. e4 {[%clk 1:30:50]} c5 {[%clk 1:30:56]} 2. Nf3 {[%clk 1:31:11]} e6 {[%clk
1:31:14]} 3. d4 {[%clk 1:31:13]} cxd4 {[%clk 1:31:35]} 4. Nxd4 {[%clk 1:31:37]}
Nc6 {[%clk 1:31:56]} 5. c4 {[%clk 1:31:55]} Nf6 {[%clk 1:30:47]} 6. Nc3 {[%clk
1:32:13]} Bb4 {[%clk 1:30:06]} 7. Nb5 {[%clk 1:24:06]} a6 {[%clk 1:17:09]} 8.
Nd6+ {[%clk 1:22:30]} Ke7 {[%clk 1:17:21]} 9. Bf4 {[%clk 1:20:38]} Qa5 {[%clk
1:06:18]} 10. Rc1 {[%clk 1:11:15]} Ne5 {[%clk 1:00:06]} 11. Bd2 {[%clk 1:10:06]}
Qb6 {[%clk 0:55:45]} 12. Qb3 {[%clk 0:43:41]} Qxd6 {[%clk 0:48:43]} 13. f4 {[%clk
0:42:15]} Bc5 {[%clk 0:46:57]} 14. fxe5 {[%clk 0:32:12]} Qxe5 {[%clk 0:47:11]}
15. Bd3 {[%clk 0:32:26]} Ng4 {[%clk 0:33:32]} 16. Na4 {[%clk 0:27:10]} d6 {[%clk
0:27:43]} 17. Rf1 {[%clk 0:21:10]} Be3 {[%clk 0:22:17]} 18. Qd1 {[%clk 0:16:38]}
Bd7 {[%clk 0:17:31]} 19. Bc3 {[%clk 0:09:03]} Qg5 {[%clk 0:15:49]} 20. Qf3 {[%clk
0:03:46]} f6 {[%clk 0:14:17]} 21. c5 {[%clk 0:03:22]} Bxc1 {[%clk 0:12:40]} 22.
cxd6+ {[%clk 0:03:17]} Ke8 {[%clk 0:11:25]} 23. Nb6 {[%clk 0:03:28]} Rd8 {[%clk
0:10:11]}  0-1

[Event "British Chess Championships 2023: Major Open"]
[Site "The Venue, De Montfort University, 20 Western Boulevard, Leicester, LE2 7BU"]
[Date "2023.07.24"]
[Round "3"]
[Board "6"]
[White "Brewer, Callum D"]
[Black "Raju, Sooraj Menothuparambil"]
[Result "1-0"]
[WhiteElo "2132"]
[BlackElo "1861"]
[PlyCount "0"]
[EventDate "2023.07.22"]
[EventRounds "9"]
[EventCountry "ENG"]

1. e4 {[%clk 1:30:58]} Nf6 {[%clk 1:30:51]} 2. e5 {[%clk 1:31:16]} Nd5 {[%clk
1:31:16]} 3. d4 {[%clk 1:31:44]} d6 {[%clk 1:31:39]} 4. c4 {[%clk 1:32:10]} Nb6
{[%clk 1:32:04]} 5. exd6 {[%clk 1:32:35]} cxd6 {[%clk 1:32:27]} 6. Nc3 {[%clk
1:32:51]} g6 {[%clk 1:32:53]} 7. Be2 {[%clk 1:32:55]} Bg7 {[%clk 1:33:15]} 8. h3
{[%clk 1:33:00]} O-O {[%clk 1:33:37]} 9. Nf3 {[%clk 1:33:28]} Nc6 {[%clk
1:34:01]} 10. O-O {[%clk 1:33:37]} Bf5 {[%clk 1:34:27]} 11. d5 {[%clk 1:30:04]}
Na5 {[%clk 1:34:47]} 12. Nd4 {[%clk 1:30:01]} Naxc4 {[%clk 1:35:04]} 13. a4
{[%clk 1:29:43]} Na5 {[%clk 1:11:12]} 14. Nxf5 {[%clk 1:28:59]} gxf5 {[%clk
1:11:37]} 15. Bg5 {[%clk 1:29:18]} Rc8 {[%clk 1:09:59]} 16. Re1 {[%clk 1:23:24]}
h6 {[%clk 1:00:16]} 17. Bh4 {[%clk 1:22:18]} Rc7 {[%clk 0:51:31]} 18. Nb5 {[%clk
1:09:19]} Rd7 {[%clk 0:37:43]} 19. Ra3 {[%clk 1:00:23]} Nac4 {[%clk 0:32:08]} 20.
Rg3 {[%clk 0:57:39]} Ne5 {[%clk 0:27:30]} 21. Nd4 {[%clk 0:53:20]} f4 {[%clk
0:23:51]} 22. Rxg7+ {[%clk 0:52:56]} Kxg7 {[%clk 0:24:15]} 23. Nf5+ {[%clk
0:53:03]} Kh8 {[%clk 0:22:42]} 24. Bd3 {[%clk 0:51:31]} Rg8 {[%clk 0:20:31]} 25.
Nxh6 {[%clk 0:47:31]} Kg7 {[%clk 0:19:59]} 26. Rxe5 {[%clk 0:46:08]} dxe5 {[%clk
0:19:54]} 27. Qh5 {[%clk 0:44:04]} e4 {[%clk 0:18:20]} 28. Nf5+ {[%clk 0:44:05]}
Kf8 {[%clk 0:17:58]} 29. Qh6+ {[%clk 0:44:33]} Ke8 {[%clk 0:18:20]} 30. Ng7+
{[%clk 0:44:56]} Kf8 {[%clk 0:18:44]} 31. Ne6+ {[%clk 0:45:20]}  1-0

[Event "British Chess Championships 2023: Major Open"]
[Site "The Venue, De Montfort University, 20 Western Boulevard, Leicester, LE2 7BU"]
[Date "2023.07.24"]
[Round "3"]
[Board "7"]
[White "Farrand, Tom"]
[Black "Bansal, Saahil"]
[Result "1-0"]
[WhiteElo "2110"]
[BlackElo "1846"]
[PlyCount "73"]
[EventDate "2023.07.22"]
[EventRounds "9"]
[EventCountry "ENG"]

1. e4 e6 2. d4 d5 3. Nc3 dxe4 4. Nxe4 Nd7 5. Nf3 Ngf6 6. Nxf6+ Nxf6 7. Be3 Be7
8. Bd3 Nd5 9. Bd2 c5 10. dxc5 Bxc5 11. Qe2 Qc7 12. Bb5+ Bd7 13. Ne5 Bxb5 14.
Qxb5+ Ke7 15. Nd3 Rac8 16. c4 Bxf2+ 17. Nxf2 Qe5+ 18. Kf1 Qd4 19. cxd5 Qxd2 20.
Rd1 Rc1 21. d6+ Kd8 22. Rxc1 Qxc1+ 23. Ke2 Qc2+ 24. Kf3 h5 25. Qg5+ f6 26. Qxg7
Qf5+ 27. Ke2 Qc2+ 28. Ke1 Qb1+ 29. Nd1 Qe4+ 30. Kd2 Rh7 31. Qxf6+ Ke8 32. Re1
Qb4+ 33. Nc3 Qxd6+ 34. Kc2 Re7 35. Qh8+ Kf7 36. Qh7+ Kf8 37. Rf1+  1-0

[Event "British Chess Championships 2023: Major Open"]
[Site "The Venue, De Montfort University, 20 Western Boulevard, Leicester, LE2 7BU"]
[Date "2023.07.24"]
[Round "3"]
[Board "8"]
[White "Sedykh, Mikhail"]
[Black "Arora, Tashika"]
[Result "1-0"]
[WhiteElo "2084"]
[BlackElo "1836"]
[PlyCount "83"]
[EventDate "2023.07.22"]
[EventRounds "9"]
[EventCountry "ENG"]

1. d4 Nf6 2. c4 e6 3. Nc3 Bb4 4. Qc2 O-O 5. Nf3 c5 6. dxc5 Bxc5 7. g3 h6 8. Bg2
Nc6 9. O-O Qe7 10. a3 a5 11. b3 d6 12. Bb2 e5 13. e3 Be6 14. Rfd1 Qe8 15. Na4
Bg4 16. Nxc5 dxc5 17. Re1 Qe6 18. Bc3 Rfe8 19. Nd2 Bf5 20. Qb2 Nd7 21. Rad1 Kh8
22. Ne4 Bxe4 23. Bxe4 f6 24. Qc2 Nf8 25. Rd5 Qe7 26. Red1 Rab8 27. Qe2 b6 28.
Qg4 Qf7 29. Rd6 Ne7 30. Bc2 g6 31. f4 Nc8 32. R6d5 Ne7 33. Rd6 Nc8 34. Rd8 h5
35. Qf3 Rxd8 36. Rxd8 Qe7 37. Rd5 Nd6 38. fxe5 Nf7 39. exf6 Qe6 40. Bxg6 Nxg6
41. Qxh5+ Kg8 42. Qxg6+  1-0

[Event "British Chess Championships 2023: Major Open"]
[Site "The Venue, De Montfort University, 20 Western Boulevard, Leicester, LE2 7BU"]
[Date "2023.07.24"]
[Round "3"]
[Board "9"]
[White "Sugden, John N"]
[Black "Rida, Ruqayyah"]
[Result "1-0"]
[WhiteElo "1977"]
[BlackElo "1828"]
[PlyCount "51"]
[EventDate "2023.07.22"]
[EventRounds "9"]
[EventCountry "ENG"]

1. e4 e5 2. Nf3 Nc6 3. Bb5 a6 4. Ba4 Nf6 5. O-O b5 6. Bb3 Bc5 7. Qe2 O-O 8. a4
Rb8 9. axb5 axb5 10. Nc3 b4 11. Nd5 d6 12. h3 h6 13. d3 Be6 14. Be3 Bxd5 15.
Bxd5 Nxd5 16. exd5 Bxe3 17. fxe3 Ne7 18. e4 Ng6 19. d4 Nf4 20. Qe3 Qf6 21. dxe5
dxe5 22. Kh2 Qd6 23. Nh4 Rfe8 24. g3 Ng6 25. Nf5 Ne7 26. Nxd6  1-0

[Event "British Chess Championships 2023: Major Open"]
[Site "The Venue, De Montfort University, 20 Western Boulevard, Leicester, LE2 7BU"]
[Date "2023.07.24"]
[Round "3"]
[Board "10"]
[White "Banerjee, Supratit"]
[Black "Lee, Alexandre Km"]
[Result "1/2-1/2"]
[WhiteElo "1895"]
[BlackElo "1693"]
[PlyCount "133"]
[EventDate "2023.07.22"]
[EventRounds "9"]
[EventCountry "ENG"]

1. e4 e6 2. d4 d5 3. exd5 exd5 4. Nf3 Nc6 5. Bd3 Bd6 6. Bg5 Nge7 7. Nbd2 Bg4 8.
c3 Qd7 9. Qc2 f6 10. Be3 Bf5 11. Nb3 O-O-O 12. O-O-O Rde8 13. Rde1 h5 14. a3
Kb8 15. Nfd2 Bxd3 16. Qxd3 Qf5 17. Qe2 Ng6 18. Qd1 b6 19. h3 Bf4 20. Nf3 h4 21.
Rhf1 Nd8 22. Nbd2 Nf7 23. Qc2 Nd6 24. Kb1 Kb7 25. Kc1 Re7 26. Bxf4 Rxe1+ 27.
Nxe1 Nxf4 28. Qxf5 Nxf5 29. Kd1 Re8 30. Rg1 c5 31. Ndf3 cxd4 32. cxd4 Ne2 33.
Rf1 Nexd4 34. Nxd4 Nxd4 35. Nd3 Kc6 36. Kc1 Re2 37. Rd1 Nb3+ 38. Kb1 Rd2 39.
Rxd2 Nxd2+ 40. Kc2 Ne4 41. f3 Nd6 42. Nb4+ Kc5 43. b3 Nb5 44. Nd3+ Kd6 45. a4
Nd4+ 46. Kc3 Nf5 47. b4 Ne3 48. Ne1 Ke5 49. Kd3 d4 50. a5 Kd5 51. axb6 axb6 52.
f4 b5 53. Nf3 Nxg2 54. Nxd4 Nxf4+ 55. Ke3 Nxh3 56. Nxb5 g5 57. Nc3+ Kc4 58. b5
Kc5 59. Ne4+ Kxb5 60. Nxf6 Kc5 61. Kf3 Kd4 62. Kg4 Nf4 63. Kxg5 h3 64. Ng4 Ng2
65. Nf2 h2 66. Kg4 Ne1 67. Kg3  1/2-1/2

[Event "British Chess Championships 2023: Major Open"]
[Site "The Venue, De Montfort University, 20 Western Boulevard, Leicester, LE2 7BU"]
[Date "2023.07.24"]
[Round "3"]
[Board "11"]
[White "Gopakumar, Siddharth"]
[Black "Whittington, Reece W"]
[Result "1-0"]
[WhiteElo "1888"]
[BlackElo "1624"]
[PlyCount "87"]
[EventDate "2023.07.22"]
[EventRounds "9"]
[EventCountry "ENG"]

1. e4 e6 2. d4 d5 3. Bd3 dxe4 4. Bxe4 Nf6 5. Bf3 Bd6 6. Ne2 Nbd7 7. Bf4 Bxf4 8.
Nxf4 c5 9. dxc5 Qa5+ 10. Nc3 Nxc5 11. Qd4 Qb6 12. b4 Na4 13. Qxb6 Nxb6 14. Nb5
O-O 15. Nd3 Bd7 16. Nd6 Bc6 17. Nxb7 Bxf3 18. gxf3 Nfd5 19. Na5 Rfc8 20. Kd2
Rab8 21. a3 Rc3 22. Rhb1 Rbc8 23. Ra2 Nc4+ 24. Nxc4 R8xc4 25. Rb3 f6 26. Rab2
Rxb3 27. Rxb3 Rh4 28. Ke2 e5 29. c3 Rxh2 30. c4 Nc7 31. b5 Rh4 32. c5 e4 33.
fxe4 Rxe4+ 34. Kf1 Re8 35. b6 axb6 36. cxb6 Na6 37. a4 Rb8 38. a5 Kf7 39. Rb5
Rc8 40. Nb4 Rc1+ 41. Kg2 Nb8 42. a6 Ra1 43. a7 Nd7 44. Nc6  1-0

[Event "British Chess Championships 2023: Major Open"]
[Site "The Venue, De Montfort University, 20 Western Boulevard, Leicester, LE2 7BU"]
[Date "2023.07.24"]
[Round "3"]
[Board "12"]
[White "Honey, Luke"]
[Black "Verma, Aditya"]
[Result "0-1"]
[WhiteElo "1730"]
[BlackElo "2138"]
[PlyCount "74"]
[EventDate "2023.07.22"]
[EventRounds "9"]
[EventCountry "ENG"]

1. e4 c5 2. Nc3 Nc6 3. g3 g6 4. Bg2 Bg7 5. Nge2 Rb8 6. d3 b5 7. O-O d6 8. Nd5
e6 9. Ne3 Nge7 10. c3 Qb6 11. a4 a6 12. f4 O-O 13. Kh1 b4 14. Nc4 Qc7 15. Qc2
d5 16. Ne3 Rd8 17. e5 h5 18. cxb4 Nxb4 19. Qd1 d4 20. Nc4 Bb7 21. Ng1 Nf5 22.
Re1 Bd5 23. Nf3 Qb7 24. Kg1 Bf8 25. Ra3 Be7 26. Qe2 Qc7 27. Nfd2 Nc2 28. Ne4
Nxa3 29. Nxa3 Qa5 30. Bd2 Qxa4 31. g4 hxg4 32. Qxg4 Kg7 33. Nc4 Rh8 34. Nf6
Bxg2 35. Qxg2 Qb3 36. Qe4 Rh3 37. Qc6 Qb7  0-1

[Event "British Chess Championships 2023: Major Open"]
[Site "The Venue, De Montfort University, 20 Western Boulevard, Leicester, LE2 7BU"]
[Date "2023.07.24"]
[Round "3"]
[Board "14"]
[White "Nelson, Jonathan P"]
[Black "Santhosh, Abhyuday"]
[Result "1/2-1/2"]
[WhiteElo "2175"]
[BlackElo "1797"]
[PlyCount "26"]
[EventDate "2023.07.22"]
[EventRounds "9"]
[EventCountry "ENG"]

1. d4 Nf6 2. Nf3 g6 3. Bf4 Bg7 4. e3 d6 5. h3 O-O 6. Be2 Nbd7 7. O-O Qe8 8. Bh2
e5 9. c4 Ne4 10. Nbd2 f5 11. dxe5 Nxd2 12. Qxd2 Nxe5 13. Rac1 Be6  1/2-1/2

[Event "British Chess Championships 2023: Major Open"]
[Site "The Venue, De Montfort University, 20 Western Boulevard, Leicester, LE2 7BU"]
[Date "2023.07.24"]
[Round "3"]
[Board "15"]
[White "Verbytski, Oleg"]
[Black "Atako, Chino C"]
[Result "1-0"]
[WhiteElo "1795"]
[BlackElo "2009"]
[PlyCount "77"]
[EventDate "2023.07.22"]
[EventRounds "9"]
[EventCountry "ENG"]

1. e4 e6 2. d4 d5 3. Nd2 c5 4. exd5 Qxd5 5. Ngf3 Nf6 6. Bc4 Qd8 7. O-O cxd4 8.
Nb3 Nc6 9. Nbxd4 Nxd4 10. Nxd4 a6 11. Be3 Bd6 12. h3 O-O 13. a4 Qc7 14. Bb3 b6
15. c3 e5 16. Nf3 Bb7 17. Qe2 Nd5 18. Rad1 Nf4 19. Bxf4 exf4 20. Rfe1 Rad8 21.
Ng5 h6 22. Nxf7 Rxf7 23. Qe6 Bc8 24. Qg6 Kh8 25. Qxf7 Qxf7 26. Bxf7 f3 27. Rxd6
Rxd6 28. Re8+ Kh7 29. Rxc8 Rd1+ 30. Kh2 Rd2 31. gxf3 Rxf2+ 32. Kg3 Rxb2 33. Bc4
g5 34. Rc7+ Kg6 35. Bd3+ Kf6 36. Rc6+ Ke5 37. Rxh6 Rb3 38. Bxa6 Rxc3 39. Rxb6
 1-0

[Event "British Chess Championships 2023: Major Open"]
[Site "The Venue, De Montfort University, 20 Western Boulevard, Leicester, LE2 7BU"]
[Date "2023.07.24"]
[Round "3"]
[Board "16"]
[White "Bedi, Adam"]
[Black "Salmons, Calum"]
[Result "0-1"]
[WhiteElo "1791"]
[BlackElo "1977"]
[PlyCount "96"]
[EventDate "2023.07.22"]
[EventRounds "9"]
[EventCountry "ENG"]

1. d4 d5 2. c4 c6 3. Nf3 Nf6 4. e3 g6 5. Nc3 Bg7 6. Bd3 Bg4 7. h3 Bxf3 8. Qxf3
e6 9. Bd2 Nbd7 10. cxd5 exd5 11. O-O O-O 12. b4 Re8 13. Rab1 Qe7 14. Qd1 Ne4
15. Nxe4 dxe4 16. Bc4 Rad8 17. a4 Nb6 18. Ba2 Nd5 19. Qc2 Rd7 20. Rb2 Rc8 21.
Rc1 Rdc7 22. Qc5 Qd7 23. Rbc2 Bf8 24. Qc4 Bd6 25. Rb2 Kh8 26. Rcb1 g5 27. Qe2
Rg8 28. Be1 f5 29. b5 g4 30. bxc6 bxc6 31. hxg4 Rxg4 32. Rb8+ Kg7 33. Ba5 Rc8
34. R8b7 Nc7 35. Rxa7 Qe7 36. Be1 h5 37. Rbb7 Kh6 38. Qc4 Qg5 39. Kf1 Rxg2 40.
Ke2 Qg4+ 41. Kd2 Qg6 42. Kd1 Rg1 43. Rb2 h4 44. Qe2 h3 45. f4 exf3 46. Qxf3 Qg4
47. Qxg4 fxg4 48. Rf2 h2  0-1

[Event "British Chess Championships 2023: Major Open"]
[Site "The Venue, De Montfort University, 20 Western Boulevard, Leicester, LE2 7BU"]
[Date "2023.07.24"]
[Round "3"]
[Board "17"]
[White "Macqueen, Andrew"]
[Black "Brown, Tom"]
[Result "1/2-1/2"]
[WhiteElo "1759"]
[BlackElo "1959"]
[PlyCount "82"]
[EventDate "2023.07.22"]
[EventRounds "9"]
[EventCountry "ENG"]

1. e4 c6 2. d4 d5 3. Nc3 dxe4 4. Nxe4 Nd7 5. Nf3 Ngf6 6. Ng3 e6 7. Bd3 Bd6 8.
O-O O-O 9. c3 b6 10. Qc2 Bb7 11. Ne4 Nxe4 12. Bxe4 Nf6 13. Bg5 h6 14. Bh4 Be7
15. Bxf6 Bxf6 16. Rad1 Qc7 17. Rfe1 Rfd8 18. Ne5 Rac8 19. Qe2 c5 20. Bxb7 Qxb7
21. dxc5 Rxc5 22. Rxd8+ Bxd8 23. h3 Bf6 24. Ng4 Bg5 25. Ne5 Rd5 26. Nf3 Bf6 27.
c4 Rd6 28. b3 Qd7 29. Ne5 Qd8 30. Qh5 Bxe5 31. Qxe5 Rd2 32. Re2 Rxe2 33. Qxe2
Qd4 34. Qc2 a5 35. Kf1 f5 36. Ke2 Qe5+ 37. Kf1 Kf7 38. Qd2 Ke7 39. f4 Qd6 40.
Ke2 Qc6 41. Kf2 Qe4  1/2-1/2

[Event "British Chess Championships 2023: Major Open"]
[Site "The Venue, De Montfort University, 20 Western Boulevard, Leicester, LE2 7BU"]
[Date "2023.07.24"]
[Round "3"]
[Board "19"]
[White "Mize, Dylan"]
[Black "Rice, Chris B"]
[Result "1-0"]
[WhiteElo "1744"]
[BlackElo "1892"]
[PlyCount "81"]
[EventDate "2023.07.22"]
[EventRounds "9"]
[EventCountry "ENG"]

1. d4 Nf6 2. Nf3 g6 3. Bg5 Bg7 4. Nbd2 d5 5. e3 Nbd7 6. Be2 O-O 7. h3 c6 8. c3
Qe8 9. Bf4 Qd8 10. O-O Re8 11. b4 a5 12. a3 h6 13. Qc2 Nf8 14. Nb3 Bf5 15. Qb2
a4 16. Nc5 b6 17. Nd3 N6d7 18. Rac1 Bxd3 19. Bxd3 b5 20. e4 e6 21. e5 Nb6 22.
Rce1 Nfd7 23. Bc1 Kh7 24. Nh2 Rh8 25. Qe2 Kg8 26. f4 Qe7 27. Rf3 Nf8 28. Ref1
Ra7 29. Kh1 Qe8 30. g4 Nc8 31. Rg3 Nh7 32. Rfg1 Qd8 33. Nf3 Rd7 34. h4 Nf8 35.
f5 Rh7 36. f6 Bh8 37. h5 Qe8 38. g5 hxg5 39. Rxg5 Rh6 40. Nh4 Nh7 41. R5g3  1-0

[Event "British Chess Championships 2023: Major Open"]
[Site "The Venue, De Montfort University, 20 Western Boulevard, Leicester, LE2 7BU"]
[Date "2023.07.24"]
[Round "3"]
[Board "20"]
[White "Wilkinson, Daniel"]
[Black "Foster, Timothy"]
[Result "1-0"]
[WhiteElo "1712"]
[BlackElo "1874"]
[PlyCount "125"]
[EventDate "2023.07.22"]
[EventRounds "9"]
[EventCountry "ENG"]

1. e4 c5 2. Nf3 d6 3. Bb5+ Bd7 4. Bxd7+ Qxd7 5. c4 Nf6 6. Nc3 Nc6 7. d4 cxd4 8.
Nxd4 g6 9. f3 Bg7 10. Be3 O-O 11. O-O a6 12. Qd3 Rac8 13. b3 Ne5 14. Qd2 e6 15.
Rfd1 d5 16. f4 Nc6 17. e5 Ng4 18. cxd5 exd5 19. Nxc6 bxc6 20. Bc5 Rfd8 21. Rac1
Bf8 22. Bxf8 Qa7+ 23. Qd4 Qxd4+ 24. Rxd4 Kxf8 25. Na4 Ne3 26. Nb6 Rc7 27. Rc5
Nf5 28. Rdxd5 cxd5 29. Rxc7 d4 30. Rc1 Ne3 31. Kf2 Ng4+ 32. Kf3 h5 33. h3 Ne3
34. Kf2 Ke7 35. Nc4 Rc8 36. Kf3 Ke6 37. g4 hxg4+ 38. hxg4 Rh8 39. Nxe3 Rh3+ 40.
Ke4 dxe3 41. f5+ gxf5+ 42. gxf5+ Kd7 43. Rc2 Rg3 44. Re2 Kc6 45. Rxe3 Rg2 46.
a4 Rg4+ 47. Kf3 Rh4 48. Rd3 Rh3+ 49. Ke4 Rh4+ 50. Ke3 Rh3+ 51. Kd2 Rh2+ 52. Kc3
Re2 53. Rd6+ Kb7 54. Kd4 Rd2+ 55. Ke4 Re2+ 56. Kf4 Rb2 57. Kg5 Rxb3 58. Kf6 Re3
59. Rd7+ Kc6 60. Rxf7 Kd5 61. e6 Kd6 62. Rd7+ Kc6 63. Ke7  1-0

[Event "British Chess Championships 2023: Major Open"]
[Site "The Venue, De Montfort University, 20 Western Boulevard, Leicester, LE2 7BU"]
[Date "2023.07.24"]
[Round "3"]
[Board "21"]
[White "Babu, Rahul"]
[Black "Isik, Muhammed Oguz"]
[Result "1-0"]
[WhiteElo "1846"]
[BlackElo "1701"]
[PlyCount "35"]
[EventDate "2023.07.22"]
[EventRounds "9"]
[EventCountry "ENG"]

1. e4 g6 2. d4 Bg7 3. Nc3 c6 4. Be3 d5 5. Qf3 dxe4 6. Nxe4 Bxd4 7. O-O-O Bxe3+
8. Qxe3 Nd7 9. Bc4 e6 10. Qc3 Ngf6 11. Rxd7 Bxd7 12. Nxf6+ Ke7 13. Ne4 Bc8 14.
Nf3 Qf8 15. Qb4+ Kd7 16. Rd1+ Kc7 17. Qa5+ b6 18. Qe5+  1-0

[Event "British Chess Championships 2023: Major Open"]
[Site "The Venue, De Montfort University, 20 Western Boulevard, Leicester, LE2 7BU"]
[Date "2023.07.24"]
[Round "3"]
[Board "22"]
[White "Freeman, Ashley"]
[Black "Lishoy Gengis Paratazham, Dildarav"]
[Result "1/2-1/2"]
[WhiteElo "1846"]
[BlackElo "1618"]
[PlyCount "25"]
[EventDate "2023.07.22"]
[EventRounds "9"]
[EventCountry "ENG"]

1. e4 d5 2. exd5 Qxd5 3. Nc3 Qa5 4. d4 Nf6 5. Nf3 Nc6 6. Bd2 Bg4 7. Nb5 Qb6 8.
c4 Bxf3 9. Qxf3 Nxd4 10. Nxd4 Qxd4 11. Qxb7 Qe4+ 12. Qxe4 Nxe4 13. Be3  1/2-1/2

[Event "British Chess Championships 2023: Major Open"]
[Site "The Venue, De Montfort University, 20 Western Boulevard, Leicester, LE2 7BU"]
[Date "2023.07.24"]
[Round "3"]
[Board "23"]
[White "Sivanandan, Bodhana"]
[Black "Pang, Ethan"]
[Result "1-0"]
[WhiteElo "1834"]
[BlackElo "1553"]
[PlyCount "51"]
[EventDate "2023.07.22"]
[EventRounds "9"]
[EventCountry "ENG"]

1. e4 c5 2. Nc3 Nc6 3. f4 e6 4. Nf3 d5 5. Bb5 Nf6 6. e5 Nd7 7. Bxc6 bxc6 8. d3
Qc7 9. O-O g6 10. b3 Bg7 11. Na4 Qa5 12. Bd2 Qa6 13. c4 Rb8 14. Be3 d4 15. Bd2
O-O 16. Ng5 Rd8 17. Ne4 Bf8 18. Qe1 Be7 19. Ba5 Rb6 20. Nxb6 axb6 21. Bd2 Bb7
22. Qg3 h5 23. f5 exf5 24. Rxf5 Qa3 25. Raf1 Rf8 26. Bh6  1-0